书目信息 |
| 题名: |
中国城市化进程时空差异分析
|
|
| 作者: | 侯学英 著 | |
| 分册: | ||
| 出版信息: | 北京 经济科学出版社 2008.01 |
|
| 页数: | 276页 | |
| 开本: | 21cm | |
| 丛书名: | 经济学·管理学博士论著 | |
| 单 册: | ||
| 中图分类: | F299.21 | |
| 科图分类: | ||
| 主题词: | 城市化--cheng shi hua--研究--中国 | |
| 电子资源: | ||
| ISBN: | 978-7-5058-6736-9 | |
| 000 | 01197nam 2200265 450 | |
| 001 | 003785903 | |
| 005 | 20080910091312.01 | |
| 010 | @a978-7-5058-6736-9@dCNY21.00 | |
| 100 | @a20080612d2008 em y0chiy50 ea | |
| 101 | 0 | @achi |
| 102 | @aCN@b110000 | |
| 105 | @ay a 000yy | |
| 200 | 1 | @a中国城市化进程时空差异分析@Azhong guo cheng shi hua jin cheng shi kong cha yi fen xi@d= Analysis of urbanization process and regional differences in China@f侯学英著@zeng |
| 210 | @a北京@c经济科学出版社@d2008.01 | |
| 215 | @a276页@d21cm | |
| 225 | 2 | @a经济学·管理学博士论著@Ajing ji xue · guan li xue bo shi lun zhu |
| 320 | @a有书目 (第263-276页) | |
| 330 | @a本书利用综合评价指标体系对我国城市化进程进行时间序列分析与评价然后利用定量评价方法对我国城市化进程的空间差异性进行分析和评价,确定并分析了影响我国城市化进程时空发展的主要影响因子;最后定量预测了我国城市化未来的发展趋势,并根据评价分析结果和预测结果提出促进我国城市化进程健康发展的对策和建议。 | |
| 410 | 0 | @12001 @a经济学·管理学博士论著 |
| 606 | 0 | @a城市化@Acheng shi hua@x研究@y中国 |
| 690 | @aF299.21@v4 | |
| 701 | 0 | @a侯学英@Ahou xue ying@4著 |
| 801 | @aCN@b110120@c20080910 | |
| 905 | @aZUCC@dF299.21@eH432 | |
| 999 | @aCYP | |
| 中国城市化进程时空差异分析= Analysis of urbanization process and regional differences in China/侯学英著.-北京:经济科学出版社,2008.01 |
| 276页;21cm.-(经济学·管理学博士论著) |
| ISBN 978-7-5058-6736-9:CNY21.00 |
| 本书利用综合评价指标体系对我国城市化进程进行时间序列分析与评价然后利用定量评价方法对我国城市化进程的空间差异性进行分析和评价,确定并分析了影响我国城市化进程时空发展的主要影响因子;最后定量预测了我国城市化未来的发展趋势,并根据评价分析结果和预测结果提出促进我国城市化进程健康发展的对策和建议。 |
| ● |
| 相关链接 |
|
|
|
正题名:中国城市化进程时空差异分析
索取号:F299.21/H432
 
预约/预借
| 序号 | 登录号 | 条形码 | 馆藏地/架位号 | 状态 | 备注 |
| 1 | 677123 | 206771233 | 社科二线422/409社科库 112排1列2层/ [索取号:F299.21/H432] | 在馆 | |
| 2 | 677124 | 206771242 | 社科二线422/409社科库 112排1列3层/ [索取号:F299.21/H432] | 在馆 | |
| 3 | 677125 | 206771251 | 社科库409/409社科库 112排1列3层/ [索取号:F299.21/H432] | 在馆 |